| 000 | 01044nas a2200361 4500 | ||
|---|---|---|---|
| 001 | BR0601819 | ||
| 003 | BR-BrBNA | ||
| 005 | 20231205105953.0 | ||
| 007 | ta | ||
| 008 | 230509b bl.|||p| |||| 00| 00por d | ||
| 040 |
_aBR-BrBNA _bpor _cBiblioteca Nacional de Agricultura |
||
| 041 | _a(Pt) | ||
| 072 | _aH10 | ||
| 100 | 1 | _aWaquil, J.M. | |
| 100 | 1 | _aVilella, F.M.F. | |
| 100 | 1 | _aSiegfried, B.D. | |
| 100 | 1 | _aFoster, J.E. | |
| 245 | 1 | _aAtividade biológica das toxinas do BT, cry 1A(b)e cry 1F em Spodoptera frugiperda (Smith)(Lepidoptera: Noctuidae) | |
| 650 | _aMILHO | ||
| 650 | _aSORGO | ||
| 650 | _aALGODÃO | ||
| 650 | _aGRÃO | ||
| 650 | _aBACILLUS THURINGIENSIS | ||
| 650 | _aBACTÉRIA | ||
| 650 | _aTOXINA | ||
| 650 | _aPRAGA DE PLANTA | ||
| 650 | _aTOXICOLOGIA | ||
| 650 | _aPROTEÍNA | ||
| 650 | _aBIOLOGIA | ||
| 773 | 0 |
_tRevista Brasileira de Milho e Sorgo (Brazil) _xISSN 1676-689X _g(May-Aug 2004), v. 3(2) p. 161-171 _wBR0601819 |
|
| 909 |
_a202311 _bLúcia _c55 _dLúcia Elande |
||
| 942 |
_2AGRIS _n0 _cANA |
||
| 999 |
_c185611 _d185611 |
||